[Event "AUTO-ELITE-1301"]
[Site "http://www.queenalice.com/game.php?id=1264319"]
[Date "2014.3.12"]
[Round "1"]
[White "Cevapcic"]
[Black "zerruela"]
[Result "0-1"]
[WhiteElo "2409"]
[BlackElo "2309"]

1. d4 Nf6 2. c4 g6 3. Nc3 Bg7 4. e4 d6 5. Nf3 O-O 6. h3 e5 7. d5 a5 8. g4 Na6 9.
Be3 Nc5 10. Nd2 h6 11. Be2 a4 12. h4 c6 13. g5 hxg5 14. hxg5 Nh7 15. Nf3 Bg4 16.
Qd2 cxd5 17. cxd5 Rc8 18. Kf1 b5 19. Rh4 f5 20. exf5 gxf5 21. Bxc5 Rxc5 22. g6
Nf6 23. Ng5 b4 24. Nf7 Rxf7 25. gxf7+ Kxf7 26. Rxg4 fxg4 27. Nb5 Qd7 28. Qxb4 g3
29. Kg1 Qh3 30. Nxd6+ Kg8 31. fxg3 Qxg3+ 32. Kf1 Qh3+ 33. Ke1 Qh1+ 0-1

[Event "AUTO-ELITE-1301"]
[Site "http://www.queenalice.com/game.php?id=1264324"]
[Date "2014.3.12"]
[Round "1"]
[White "FabioDavid"]
[Black "Cevapcic"]
[Result "1/2-1/2"]
[WhiteElo "2573"]
[BlackElo "2405"]

1. e4 e6 2. f4 d5 3. e5 c5 4. Nf3 Nc6 5. c3 Nh6 6. Na3 Nf5 7. Nc2 h5 8. Bd3 h4
9. Bxf5 exf5 10. d4 Qb6 11. dxc5 Bxc5 12. b4 Be7 13. Qd3 Be6 14. Be3 Qc7 15. O-O
Rc8 16. Rac1 h3 17. g3 g6 18. Rfd1 Kf8 19. Bf2 Kg7 1/2-1/2

[Event "AUTO-ELITE-1301"]
[Site "http://www.queenalice.com/game.php?id=1264325"]
[Date "2014.3.12"]
[Round "1"]
[White "Cevapcic"]
[Black "FabioDavid"]
[Result "1/2-1/2"]
[WhiteElo "2415"]
[BlackElo "2528"]

1. d4 d5 2. c4 e6 3. Nc3 Be7 4. cxd5 exd5 5. Bf4 Nf6 6. e3 O-O 7. Bd3 c6 8. Nf3
Nh5 9. Qc2 Nxf4 10. exf4 g6 11. O-O Nd7 12. Rae1 Nf6 13. f5 Nh5 14. Qd2 Ng7 15.
fxg6 fxg6 16. Re3 Bd6 17. Ne5 Bf5 18. f4 c5 19. Nxd5 cxd4 20. Re2 Be6 21. Nb4
Qb6 22. a3 Rac8 23. Ref2 a5 24. Nc2 Nf5 25. Bxf5 Bxf5 26. Ne1 Qb5 27. N1d3 Qd5
28. Re2 1/2-1/2

[Event "AUTO-ELITE-1324"]
[Site "http://www.queenalice.com/game.php?id=1278262"]
[Date "2014.5.2"]
[Round "1"]
[White "kobra23"]
[Black "Cevapcic"]
[Result "1-0"]
[WhiteElo "2630"]
[BlackElo "2417"]

1. d4 d5 2. c4 e6 3. Nc3 Nf6 4. Nf3 c6 5. g3 dxc4 6. e4 b5 7. Bg2 Be7 8. O-O O-O
9. e5 Nd5 10. Ne4 h6 11. g4 Qe8 12. h4 Na6 13. g5 hxg5 14. hxg5 Nab4 15. Ne1 f6
16. gxf6 gxf6 17. Qg4+ Kf7 18. Qh5+ 1-0

[Event "AUTO-ELITE-1324"]
[Site "http://www.queenalice.com/game.php?id=1278263"]
[Date "2014.5.2"]
[Round "1"]
[White "Cevapcic"]
[Black "kobra23"]
[Result "1/2-1/2"]
[WhiteElo "2404"]
[BlackElo "2629"]

1. d4 Nf6 2. c4 e6 3. Nc3 Bb4 4. e3 O-O 5. Bd3 c5 6. Nf3 Nc6 7. O-O d5 8. a3
Bxc3 9. bxc3 dxc4 10. Bxc4 Qc7 11. Bb5 a6 12. Bd3 e5 13. Qc2 Re8 14. Nxe5 Nxe5
15. dxe5 Qxe5 16. f3 Be6 17. c4 b5 18. Rb1 Rad8 19. Re1 Qd6 20. Bf1 Bxc4 21.
Bxc4 bxc4 22. Qxc4 Nd7 23. Bb2 Ne5 24. Bxe5 Rxe5 25. Rb7 1/2-1/2

[Event "AUTO-ELITE-1324"]
[Site "http://www.queenalice.com/game.php?id=1278270"]
[Date "2014.5.2"]
[Round "1"]
[White "Cevapcic"]
[Black "pickles"]
[Result "0-1"]
[WhiteElo "2413"]
[BlackElo "2496"]

1. d4 Nf6 2. c4 e6 3. Nc3 Bb4 4. f3 d5 5. a3 Bxc3+ 6. bxc3 c5 7. cxd5 exd5 8. e3
Qc7 9. Ne2 O-O 10. Nf4 Re8 11. Be2 b6 12. O-O Qd6 13. a4 Nc6 14. Re1 c4 15. e4
dxe4 16. Bxc4 Na5 17. Bb5 Bd7 18. fxe4 Nxe4 19. Qf3 Bc6 20. Ba3 Qf6 21. Rad1 a6
22. Bxc6 Qxc6 23. Bb4 Nc4 0-1

[Event "AUTO-ELITE-1324"]
[Site "http://www.queenalice.com/game.php?id=1278271"]
[Date "2014.5.2"]
[Round "1"]
[White "pickles"]
[Black "Cevapcic"]
[Result "1-0"]
[WhiteElo "2502"]
[BlackElo "2407"]

1. d4 e6 2. e4 d5 3. Nc3 Nf6 4. Bg5 Bb4 5. e5 h6 6. Bd2 Bxc3 7. bxc3 Ne4 8. Qg4
Kf8 9. Qf4 c5 10. Bd3 Nxd2 11. Qxd2 Qa5 12. Nf3 c4 13. Be2 Qa3 14. O-O Bd7 15.
Nh4 Nc6 16. Rfb1 Rb8 17. Bh5 Kg8 18. g3 b5 19. Ng2 g6 20. Be2 Kg7 21. Bg4 a5 22.
Nf4 Rb7 23. Ne2 Rhb8 24. Qf4 1-0

[Event "AUTO-ELITE-1378"]
[Site "http://www.queenalice.com/game.php?id=1303522"]
[Date "2014.8.23"]
[Round "1"]
[White "Cevapcic"]
[Black "Flashinho"]
[Result "1-0"]
[WhiteElo "2408"]
[BlackElo "2281"]

1. d4 d5 2. c4 e6 3. Nc3 Nf6 4. Bg5 Nbd7 5. e3 Be7 6. Nf3 O-O 7. Rc1 c6 8. Qc2
Ne4 9. Bxe7 Qxe7 10. Bd3 Nxc3 11. Qxc3 dxc4 12. Bxc4 b6 13. O-O Bb7 14. Be2 c5
15. Rfd1 Rfd8 16. Qa3 Bd5 17. Ne1 Qf6 18. dxc5 Nxc5 19. b4 Nd7 20. Bf3 Ne5 21.
Bxd5 exd5 22. Nd3 Nc4 23. Qa6 g5 24. Ne1 Qe7 25. Nf3 g4 26. Nd4 Rd7 27. Qb5 Kh8
28. Nf5 Qe6 29. Rxc4 Qxf5 30. Rcd4 Rc8 31. e4 Qe6 32. exd5 Qf5 33. g3 Re7 34.
Rf4 Qc2 35. Qf1 Qxa2 36. d6 Re5 37. d7 Rd8 38. Rxg4 Re7 39. Qd3 f6 40. Qd6 Qf7
41. Qc7 Qf8 42. Qxa7 1-0

[Event "AUTO-ELITE-1378"]
[Site "http://www.queenalice.com/game.php?id=1303523"]
[Date "2014.8.23"]
[Round "1"]
[White "Flashinho"]
[Black "Cevapcic"]
[Result "1/2-1/2"]
[WhiteElo "2287"]
[BlackElo "2403"]

1. d4 e6 2. c4 f5 3. Nf3 Nf6 4. g3 b6 5. Bg2 Bb7 6. O-O Be7 7. Nc3 O-O 8. d5 Na6
9. Nd4 Bc5 10. a3 Bxd4 11. Qxd4 Nc5 12. Qd1 Nfe4 13. Nxe4 Nxe4 14. f3 Nd6 15.
Qd3 e5 16. b4 Ba6 17. b5 Bb7 18. Bb2 Qe7 19. Rfc1 a6 20. Qe3 Rfe8 21. c5 bxc5
22. bxa6 Bxa6 23. Qxc5 Reb8 24. Rc2 Rb7 25. Bc3 Rab8 26. Ba5 Rb1+ 27. Rxb1 Rxb1+
28. Bf1 e4 29. f4 e3 30. Rc1 Rxc1 31. Qxc1 Nc4 32. Bb4 Qe4 33. Bg2 Qd4 1/2-1/2

[Event "AUTO-ELITE-1378"]
[Site "http://www.queenalice.com/game.php?id=1303524"]
[Date "2014.8.23"]
[Round "1"]
[White "Cevapcic"]
[Black "Donidon"]
[Result "1-0"]
[WhiteElo "2404"]
[BlackElo "2305"]

1. d4 Nf6 2. c4 d5 3. cxd5 Qxd5 4. Nc3 Qa5 5. Nf3 c6 6. Bd2 Bg4 7. e4 Qb6 8. Qa4
e6 9. e5 Nd5 10. Nxd5 exd5 11. Bd3 a5 12. O-O-O Na6 13. a3 Nc7 14. h3 Bd7 15.
Be3 Ne6 16. Kb1 Be7 17. h4 O-O 18. h5 Rfd8 19. Rc1 c5 20. dxc5 Qxb2+ 21. Kxb2
Bxa4 22. Bb1 d4 23. Nxd4 Nxd4 24. Rc4 Ne6 25. Rxa4 Bxc5 26. Bxc5 Nxc5 27. Rc4 b6
28. h6 g6 29. Rhc1 Rd2+ 30. R1c2 Rad8 31. f4 1-0

[Event "AUTO-ELITE-1378"]
[Site "http://www.queenalice.com/game.php?id=1303525"]
[Date "2014.8.23"]
[Round "1"]
[White "Donidon"]
[Black "Cevapcic"]
[Result "0-1"]
[WhiteElo "2315"]
[BlackElo "2396"]

1. e4 e6 2. d4 d5 3. Nc3 Nf6 4. e5 Nfd7 5. f4 c5 6. Nf3 Nc6 7. Be3 a6 8. Bd3 Qb6
9. Na4 Qa5+ 10. Nc3 cxd4 11. Nxd4 Nxd4 12. Bxd4 Qb4 13. Be2 Bc5 14. Bxc5 Nxc5
15. Qc1 d4 16. a3 Qb6 17. Nd1 O-O 18. Nf2 Bd7 19. Nd3 Rac8 20. O-O Nb3 21. Qd1
Nxa1 22. Qxa1 Rxc2 23. Qe1 Rfc8 24. Bd1 R2c7 25. a4 a5 26. h3 Qa6 27. Qg3 b5 28.
b3 Rc3 29. Be2 bxa4 30. bxa4 Bxa4 31. f5 exf5 0-1

[Event "AUTO-ELITE-1411"]
[Site "http://www.queenalice.com/game.php?id=1320985"]
[Date "2014.11.8"]
[Round "1"]
[White "Cevapcic"]
[Black "amarkin"]
[Result "1/2-1/2"]
[WhiteElo "2406"]
[BlackElo "2489"]

1. d4 Nf6 2. c4 g6 3. Nc3 Bg7 4. e4 d6 5. Nf3 O-O 6. h3 b6 7. Bd3 e5 8. O-O exd4
9. Nxd4 Nfd7 10. Be3 Bb7 11. Nd5 Nc5 12. Bc2 Nbd7 13. Rc1 Re8 14. f3 a5 15. Re1
a4 16. Qd2 c6 17. Nb4 Ne5 18. Bb1 Qc7 19. Bh6 Bxh6 20. Qxh6 Ne6 21. Nf5 f6 22.
Ne3 Ra5 23. Qh4 Qd8 24. Red1 Nf7 25. Rc3 Ne5 26. Rc2 Qe7 27. Qg3 Ng7 28. a3 Nf7
29. Rcd2 f5 30. Re1 Nh5 31. Qf2 f4 32. Ng4 c5 33. Na2 Ng3 34. Nc3 h5 35. Nh2 Kg7
1/2-1/2

[Event "AUTO-ELITE-1411"]
[Site "http://www.queenalice.com/game.php?id=1320986"]
[Date "2014.11.8"]
[Round "1"]
[White "amarkin"]
[Black "Cevapcic"]
[Result "1-0"]
[WhiteElo "2473"]
[BlackElo "2413"]

1. d4 e6 2. c4 d5 3. Nf3 c6 4. Nc3 Nf6 5. e3 Nbd7 6. Bd3 dxc4 7. Bxc4 b5 8. Bd3
a6 9. O-O c5 10. a4 b4 11. Ne4 Bb7 12. Nxf6+ Nxf6 13. a5 Qd5 14. Qa4+ Bc6 15.
Qc2 Bd6 16. dxc5 Qxc5 17. Qxc5 Bxc5 18. Ne5 Bb7 19. Bd2 Rd8 20. Rfc1 Bd6 21. Nc4
Be7 22. Be2 O-O 23. Be1 Rc8 24. Nb6 Rxc1 25. Rxc1 Bd6 26. Nc4 Be7 27. Ne5 Nd5
28. Rc4 f5 29. Nc6 Bf6 30. Nxb4 Bxb2 31. Nxd5 Bxd5 32. Rc2 Rb8 33. Bxa6 Kf7 34.
Bf1 1-0

[Event "AUTO-ELITE-1411"]
[Site "http://www.queenalice.com/game.php?id=1320987"]
[Date "2014.11.8"]
[Round "1"]
[White "Cevapcic"]
[Black "Alsina"]
[Result "1/2-1/2"]
[WhiteElo "2410"]
[BlackElo "2547"]

1. d4 Nf6 2. c4 g6 3. Nc3 Bg7 4. e4 d6 5. Nf3 O-O 6. h3 e5 7. dxe5 dxe5 8. Qxd8
Rxd8 9. Bg5 Na6 10. Nd5 Rd6 11. Bxf6 Bxf6 12. O-O-O Kg7 13. Be2 Be6 14. h4 Rad8
15. Nxf6 Kxf6 16. Ng5 h6 17. Nxe6 Kxe6 18. Rxd6+ 1/2-1/2

[Event "AUTO-ELITE-1411"]
[Site "http://www.queenalice.com/game.php?id=1320988"]
[Date "2014.11.8"]
[Round "1"]
[White "Alsina"]
[Black "Cevapcic"]
[Result "1/2-1/2"]
[WhiteElo "2525"]
[BlackElo "2401"]

1. d4 d5 2. c4 e6 3. Nf3 Nf6 4. Nc3 c6 5. Bg5 dxc4 6. e4 b5 7. e5 h6 8. Bh4 g5
9. Nxg5 hxg5 10. Bxg5 Nbd7 11. exf6 Bb7 12. g3 c5 13. d5 Qb6 14. Bg2 O-O-O 15.
O-O b4 16. Na4 Qb5 17. a3 exd5 18. axb4 cxb4 19. Be3 Nc5 20. Qg4+ Rd7 21. Qg7
Bxg7 22. fxg7 Rg8 23. Nxc5 Rxg7 24. Bd4 Rc7 25. Nxb7 Rg6 26. Rxa7 Rxb7 27. Ra8+
Kd7 28. Rfa1 c3 29. bxc3 bxc3 30. Bh3+ Kd6 31. Bf1 Qb4 32. R8a4 Qb2 33. R4a2 Qb4
34. Ra4 Qb2 1/2-1/2

[Event "AUTO-ELITE-1487"]
[Site "http://www.queenalice.com/game.php?id=1355447"]
[Date "2015.4.24"]
[Round "1"]
[White "hbbr"]
[Black "Cevapcic"]
[Result "1-0"]
[WhiteElo "2499"]
[BlackElo "2413"]

1. e4 e6 2. d4 d5 3. Nc3 Nf6 4. Bg5 Bb4 5. e5 h6 6. Bc1 Ne4 7. Qg4 g6 8. a3 Ba5
9. Ne2 Bd7 10. b4 Nxc3 11. Nxc3 Bb6 12. Bd3 Nc6 13. Ne2 Ne7 14. h4 h5 15. Qf3
Ba4 16. Bg5 Qd7 17. O-O a6 18. c3 Rh7 19. Nf4 O-O-O 20. Be2 Rg8 21. Nd3 Nf5 22.
Nc5 Qe8 23. Rfb1 Kb8 24. Nxa4 Qxa4 25. b5 axb5 26. Rxb5 Ba5 27. Qd3 b6 28. Rab1
1-0

[Event "AUTO-ELITE-1487"]
[Site "http://www.queenalice.com/game.php?id=1355448"]
[Date "2015.4.24"]
[Round "1"]
[White "Cevapcic"]
[Black "hbbr"]
[Result "0-1"]
[WhiteElo "2398"]
[BlackElo "2530"]

1. d4 e6 2. c4 Nf6 3. Nc3 Bb4 4. f3 d5 5. a3 Bxc3+ 6. bxc3 c5 7. cxd5 exd5 8. e3
c4 9. Ne2 Nc6 10. g4 Na5 11. Ng3 Nb3 12. Rb1 Be6 13. Bg2 h5 14. g5 Ng8 15. h4
Qc7 16. Kf2 O-O-O 17. e4 Ne7 18. e5 Kb8 19. Qc2 Qd7 20. Rb2 Rc8 21. Ra2 Qa4 22.
Bf4 Rc6 23. Nf1 g6 24. Ne3 Rb6 25. Rd1 Rc8 26. Qe2 Ka8 27. Kg3 Na5 28. Qc2 Qxc2
29. Rxc2 Rb3 30. Ra1 Rc6 31. Bh3 Bxh3 32. Kxh3 Ra6 0-1

[Event "AUTO-ELITE-1378"]
[Site "http://www.queenalice.com/game.php?id=1366691"]
[Date "2015.6.20"]
[Round "2"]
[White "Chuzete"]
[Black "Cevapcic"]
[Result "1/2-1/2"]
[WhiteElo "2345"]
[BlackElo "2379"]

1. e4 e6 2. d4 d5 3. Nc3 Nf6 4. Bg5 Bb4 5. e5 h6 6. Bd2 Bxc3 7. bxc3 Ne4 8. Qg4
Kf8 9. Bd3 Nxd2 10. Kxd2 c5 11. Nf3 c4 12. Be2 b5 13. a4 bxa4 14. Rxa4 Bd7 15.
Ra2 Nc6 16. Qh4 a5 17. Qxd8+ Rxd8 18. Nh4 Rb8 19. f4 Ke7 20. g4 Rb5 21. f5 Rhb8
1/2-1/2

[Event "AUTO-ELITE-1378"]
[Site "http://www.queenalice.com/game.php?id=1366692"]
[Date "2015.6.20"]
[Round "2"]
[White "Cevapcic"]
[Black "Chuzete"]
[Result "1/2-1/2"]
[WhiteElo "2378"]
[BlackElo "2402"]

1. d4 Nf6 2. c4 g6 3. Nc3 Bg7 4. e4 d6 5. Nf3 O-O 6. h3 e5 7. d5 a5 8. Be3 Na6
9. g4 Nc5 10. Nd2 c6 11. Be2 cxd5 12. cxd5 Bd7 13. h4 Rc8 14. h5 b5 15. Bxc5
Rxc5 16. h6 Bh8 17. a4 bxa4 18. Nxa4 Rc8 19. Nc3 Rb8 20. Rg1 Rxb2 21. g5 Nh5 22.
Bxh5 gxh5 23. Qxh5 Re8 24. Rg3 Rb4 25. Nd1 a4 26. Raa3 Re7 27. Rac3 Qa5 28. g6
fxg6 29. Rxg6+ hxg6 30. Qxg6+ Bg7 31. hxg7 Rxg7 32. Rc8+ Bxc8 33. Qe8+ 1/2-1/2

[Event "AUTO-ELITE-1378"]
[Site "http://www.queenalice.com/game.php?id=1366693"]
[Date "2015.6.20"]
[Round "2"]
[White "powerrangel"]
[Black "Cevapcic"]
[Result "1-0"]
[WhiteElo "2609"]
[BlackElo "2403"]

1. e4 e6 2. d4 d5 3. Nd2 c5 4. exd5 Qxd5 5. Ngf3 cxd4 6. Bc4 Qd6 7. O-O Nf6 8.
Nb3 Nc6 9. Nbxd4 Nxd4 10. Nxd4 a6 11. Re1 Qc7 12. Bf1 Bd6 13. Nf5 Bxh2+ 14. Kh1
O-O 15. Nxg7 Rd8 16. Bd3 Be5 17. Nh5 Rd5 18. c4 Rd4 19. f4 Nxh5 20. Bxh7+ 1-0

[Event "AUTO-ELITE-1378"]
[Site "http://www.queenalice.com/game.php?id=1366694"]
[Date "2015.6.20"]
[Round "2"]
[White "Cevapcic"]
[Black "powerrangel"]
[Result "0-1"]
[WhiteElo "2407"]
[BlackElo "2602"]

1. d4 d5 2. c4 c6 3. Nf3 e6 4. e3 f5 5. Nc3 Nf6 6. Bd3 Bd6 7. Ne5 O-O 8. f4 c5
9. O-O a6 10. cxd5 exd5 11. dxc5 Bxc5 12. Qc2 Qe7 13. Bxf5 Bxf5 14. Qxf5 Nc6 15.
Re1 Rad8 16. Nd3 Ba7 17. Kh1 Rfe8 18. h3 Qd6 0-1

[Event "FIFA World Cup"]
[Site "http://www.queenalice.com/game.php?id=1374105"]
[Date "2015.7.29"]
[Round "3"]
[White "prego"]
[Black "Cevapcic"]
[Result "1-0"]
[WhiteElo "2423"]
[BlackElo "2390"]

1. e4 e6 2. d4 d5 3. e5 c5 4. c3 Nc6 5. Nf3 Qb6 6. a3 a5 7. Bd3 Bd7 8. Bc2 Nh6
9. O-O cxd4 10. cxd4 Nf5 11. Bxf5 exf5 12. Nc3 Be6 13. Na4 Qb5 14. Be3 Be7 15.
Ne1 O-O 16. Nd3 1-0